Proceedings of TEAM 2015 : 7th International Scientific and Expert Conference of the International TEAM Society : 15-16th October 2015, Belgrade, Serbia

Enregistré dans:
Détails bibliographiques
Collectivité auteur: International Scientific and Expert Conference of the International TEAM Society Belgrade, Serbia (TEAM 2015 : Technique, Education, Agriculture & Management)
Format: Actes de congrès Livre
Langue:anglais
Publié: Belgrade Faculty of Mechanical Engineering 2015
Édition:1st ed.
Tags: Ajouter un tag
Pas de tags, Soyez le premier à ajouter un tag!

MARC

LEADER 00000nam a22000003a 4500
001 0008300
003 SK-STU
005 20160406103150.7
007 ta
008 151023s ----xo-----e------100-0-----d
020 |a 978-86-7083-877-2 
040 |a STU  |b slo 
041 0 |a eng 
044 |a rb 
111 2 |a International Scientific and Expert Conference of the International TEAM Society  |n 7th  |d 15.-16.10.2015  |c Belgrade, Serbia  |e TEAM 2015 : Technique, Education, Agriculture & Management 
245 1 0 |a Proceedings of TEAM 2015 :  |b 7th International Scientific and Expert Conference of the International TEAM Society : 15-16th October 2015, Belgrade, Serbia  |h elektronický zdroj 
250 |a 1st ed. 
260 |a Belgrade  |b Faculty of Mechanical Engineering  |c 2015 
300 |a 1 DVD-ROM 
996 |b 284M084506  |c M* CD-2560  |l MMKN  |s A  |a 24  |w 0008300_0001